| 000 | 00591 a2200169 4500 | ||
|---|---|---|---|
| 003 | Nust | ||
| 005 | 20221206103455.0 | ||
| 040 | _cNust | ||
| 082 | _a621.381536,DEM | ||
| 110 |
_aLenkurt Electric _9104192 |
||
| 245 |
_aThe lenkurt demodulator / _cLenkurt Electric |
||
| 260 |
_aCalifornia _bLenkurt electric _c1966 |
||
| 300 | _a717 p. | ||
| 505 | _aMultiplex Technology (Page-3), Microwave Radio (Page-143), Digital Data Transmission (Page-355), General Communications (Page-429), Semiconductor Devices (Page-657). | ||
| 650 |
_aTelecommunications Engineering. _958485 |
||
| 942 |
_2ddc _cBK |
||
| 999 |
_c182427 _d182427 |
||